000 00485nmm a2200169Ia 4500
008 251105s9999||||xx |||||||||||||||||und||
020 _a9788496582323
041 _aspa
100 _aLópez Cruces, Joaquín
245 0 _aRostros de ficción :
_b seis relatos mutantes
264 _a[Madrid, España] :
_bOcho y Medio,
_c2007
300 _a112 páginas
490 _aAula de cine
650 _aFilm studies
856 _uhttps://public.digitaliapublishing.com/a/415
942 _cCF
999 _c90005
_d90005